| 000 | 02354nam a22002777a 4500 | ||
|---|---|---|---|
| 003 | NALT | ||
| 005 | 20250909090415.0 | ||
| 008 | 250903b th ||||| |||| 00| 0 tha d | ||
| 020 | _a9786165810586 | ||
| 040 | _aNALT | ||
| 090 |
_aKC 5 _bก675ค 2564 |
||
| 100 | 0 |
_aกิตติศักดิ์ ปรกติ _920158 |
|
| 245 | 1 | 0 |
_aความเป็นมาและหลักการใช้นิติวิธีในระบบซิวิลลอว์และคอมมอนลอว์ / _cกิตติศักดิ์ ปรกติ. |
| 250 | _aพิมพ์ครั้งที่ 6. | ||
| 260 |
_aกรุงเทพฯ : _bวิญญูชน, _c2564. |
||
| 300 |
_a99 หน้า : _bภาพประกอบ ; _c21 ซม. |
||
| 505 | 2 | _aบทนำ -- 1. ความหมายของนิติวิธี -- 2. ความเป็นมา และหลักการใช้นิติวิธีในระบบซิวิลลอว์ -- 2.1 ความเป็นมาและหลักการใช้นิติวิธี -- 2.2 ทัศนคติต่อบ่อเกิดของกฎหมาย -- 2.3 หลักการใช้และการตีความกฎหมายในระบบซิวิลลอว์ -- 2.4 สรุป -- 3. ความเป็นมา และหลักการใช้นิติวิธีในระบบคอมมอนลอว์ -- 3.1 ความเป็นมาและหลักการใช้นิติวิธี -- 3.2 ทัศนคติต่อบ่อเกิดของกฎหมาย -- 3.3 หลักการใช้และการตีความกฎหมายของอังกฤษ -- 3.4 วิธีศึกษากฎหมายในระบบคอมมอนลอว์ -- 3.5 บทสรุป. | |
| 650 | 4 |
_aกฎหมาย _xการตีความ _97325 |
|
| 650 | 4 |
_aกฎหมาย _xประวัติ _957378 |
|
| 653 | 4 | _aกฎหมายลายลักษณ์อักษร | |
| 942 |
_2local _cLB |
||
| 996 |
_ajidapa.t _bACQSTF _c2025-09-03 |
||
| 996 |
_avaree.k _bLIBSTF _c2025-09-04 |
||
| 996 |
_asaiphon.d _bCATSTF _c2025-09-09 |
||
| 999 |
_c107170 _d107170 |
||
| 998 |
_j104 _k นางสาวสายฝน ดีงาม |
||